|
|
|
|
| LEADER |
00000nam0a2200000 4500 |
| 001 |
93076 |
| 005 |
20231031105022.0 |
| 035 |
|
|
|a (RuTPU)RU\TPU\book\99684
|
| 090 |
|
|
|a 93076
|
| 100 |
|
|
|a 20060324d1973 km y0rusy50 ca
|
| 101 |
0 |
|
|a rus
|
| 102 |
|
|
|a RU
|
| 105 |
|
|
|a a z 001zy
|
| 200 |
1 |
|
|a Сверхпроводящие волноводы и резонаторы
|f А. Н. Диденко
|
| 210 |
|
|
|a Москва
|c Советское радио
|d 1973
|
| 215 |
|
|
|a 256 с.
|c ил.
|
| 320 |
|
|
|a Библиогр.: с. 241-250.
|
| 320 |
|
|
|a Предметный указатель: с. 251-253.
|
| 610 |
1 |
|
|a радиотехника
|
| 610 |
1 |
|
|a радиоволноводы
|
| 610 |
1 |
|
|a сверхпроводящие свойства
|
| 610 |
1 |
|
|a резонаторы
|
| 610 |
1 |
|
|a волны
|
| 610 |
1 |
|
|a распространение
|
| 610 |
1 |
|
|a использование
|
| 675 |
|
|
|a 621.396.43
|v 3
|
| 675 |
|
|
|a 621.372.8
|v 3
|
| 700 |
|
1 |
|a Диденко
|b А. Н.
|g Андрей Николаевич
|
| 801 |
|
1 |
|a RU
|b 63413507
|c 20060324
|g PSBO
|
| 801 |
|
2 |
|a RU
|b 63413507
|c 20211210
|g PSBO
|
| 942 |
|
|
|c BK
|